[Event "Bratto op-C 35th"]
[Site "Bratto"]
[Date "2015.08.30"]
[Round "8.17"]
[White "Gonella, Graziano"]
[Black "Picasso, Filippo"]
[Result "0-1"]
[WhiteElo "1181"]
[BlackElo "1483"]
[PlyCount "72"]
[EventDate "2015.08.23"]
[EventType "swiss"]
[EventRounds "8"]
[EventCountry "ITA"]
[SourceTitle "EXT 2022"]
[Source "ChessBase"]
[SourceDate "2021.10.06"]
[SourceVersion "1"]
[SourceVersionDate "2021.10.06"]
[SourceQuality "1"]

1. e4 e5 2. Nf3 Nc6 3. Bb5 Nge7 4. 0-0 d6 5. d4 exd4 6. Nxd4 Bd7 7. Nxc6 Bxc6 8. Bd3 Qd7 9. Nc3 0-0-0 10. Be3 a6 11. Qe2 d5 12. exd5 Nxd5 13. Ba7 Nxc3 14. bxc3 Re8 15. Qh5 Qd5 16. Bf5+ Bd7 17. Bxd7+ Qxd7 18. Rad1 Qe6 19. g3 b6 20. Qf3 Qe4 21. Qxf7 Re7 22. Qb3 Qb7 23. Bxb6 cxb6 24. Qc4+ Kb8 25. Qf4+ Ka7 26. Rd8 Rf7 27. Qd2 g5 28. Rd1 Bg7 29. Rxh8 Bxh8 30. Qd8 Bxc3 31. Rd5 Be1 32. Kg2 Rxf2+ 33. Kh3 g4+ 34. Kh4 Rxh2+ 35. Kxg4 h5+ 36. Kf4 Qf7+ 0-1

[Event "Bratto op-C 35th"]
[Site "Bratto"]
[Date "2015.08.23"]
[Round "1.18"]
[White "Gonella, Graziano"]
[Black "Melega, Michele"]
[Result "0-1"]
[WhiteElo "1181"]
[BlackElo "1592"]
[PlyCount "60"]
[EventDate "2015.08.23"]
[EventType "swiss"]
[EventRounds "8"]
[EventCountry "ITA"]
[SourceTitle "EXT 2022"]
[Source "ChessBase"]
[SourceDate "2021.10.06"]
[SourceVersion "1"]
[SourceVersionDate "2021.10.06"]
[SourceQuality "1"]

1. e4 c5 2. Nf3 d6 3. d4 cxd4 4. Nxd4 Nf6 5. Bd3 e5 6. Nf3 Nc6 7. 0-0 Be7 8. Bg5 Qc7 9. Nc3 a6 10. Bxf6 Bxf6 11. Nd5 Qd8 12. a3 Bg4 13. Be2 Rc8 14. c3 0-0 15. Qb3 Na5 16. Qc2 Nc4 17. Rfe1 Nb6 18. Ne3 Be6 19. b3 d5 20. exd5 Bxd5 21. Nxd5 Nxd5 22. Bc4 Nb6 23. Rad1 Qc7 24. Re4 Nxc4 25. Rxc4 Qa5 26. Rxc8 Rxc8 27. b4 Qxa3 28. Rd3 e4 29. Re3 exf3 30. Rxf3 Qa1+ 0-1

[Event "Como Province-ch"]
[Site "Erba"]
[Date "2015.01.24"]
[Round "4"]
[White "Bonuglia, Gabriele"]
[Black "Gonella, Graziano"]
[Result "1-0"]
[WhiteElo "1407"]
[BlackElo "1180"]
[PlyCount "67"]
[EventDate "2015.01.17"]
[EventType "swiss"]
[EventRounds "6"]
[EventCountry "ITA"]
[SourceTitle "EXT 2017"]
[Source "ChessBase"]
[SourceDate "2016.10.25"]
[SourceVersion "1"]
[SourceVersionDate "2016.10.25"]
[SourceQuality "1"]

1. d4 Nf6 2. c4 g6 3. Nc3 Bg7 4. Nf3 0-0 5. Bg5 e6 6. e4 d6 7. Qb3 a6 8. e5 h6 9. exf6 Bxf6 10. Bxh6 Kh7 11. Bxf8 Qxf8 12. Ne4 Bd8 13. Nfg5+ Kg7 14. Qh3 Qg8 15. Nf3 Nd7 16. Neg5 Nf6 17. g4 e5 18. dxe5 Bxg4 19. exf6+ Bxf6 20. Qxg4 Re8+ 21. Be2 Bxb2 22. Rb1 Bc3+ 23. Nd2 f5 24. Qf3 Bf6 25. Nh3 b6 26. Rg1 Qe6 27. Nf4 Qd7 28. Rxg6+ Kf7 29. Qh3 Rh8 30. Rxf6+ Kxf6 31. Qxh8+ Qg7 32. Nh5+ Kg5 33. Qxg7+ Kh4 34. Qg3# 1-0

[Event "Robecchetto op-C 25th"]
[Site "Robecchetto"]
[Date "2014.12.28"]
[Round "4"]
[White "Loggia, Davide"]
[Black "Gonella, Graziano"]
[Result "1-0"]
[WhiteElo "1392"]
[BlackElo "1174"]
[PlyCount "133"]
[EventDate "2014.12.26"]
[EventType "swiss"]
[EventRounds "6"]
[EventCountry "ITA"]
[SourceTitle "EXT 2024"]
[Source "ChessBase"]
[SourceDate "2023.10.10"]
[SourceVersion "1"]
[SourceVersionDate "2023.10.10"]
[SourceQuality "1"]

1. c4 e5 2. g3 Nf6 3. Bg2 c5 4. Nc3 Nc6 5. d3 d6 6. Nf3 Bg4 7. 0-0 g6 8. a3 Bg7 9. Qa4 0-0 10. b4 Bd7 11. Qb3 Rb8 12. e3 Re8 13. Bb2 Qc8 14. Rad1 Bh3 15. Nb5 Rd8 16. bxc5 Bxg2 17. Kxg2 dxc5 18. Nxe5 a6 19. Nxf7 Kxf7 20. a4 axb5 21. cxb5+ Kf8 22. Bxf6 Bxf6 23. bxc6 bxc6 24. Qc4 Qf5 25. e4 Qe5 26. f4 Qb2+ 27. Rf2 Qd4 28. Qe6 Rd6 29. Qa2 Rb2 30. Rxb2 Qxb2+ 31. Qxb2 Bxb2 32. a5 c4 33. a6 c5 34. a7 Ra6 35. dxc4 Rxa7 36. Rd5 Bd4 37. e5 Ra2+ 38. Kh3 Bg1 39. Kg4 Rxh2 40. Kg5 Rc2 41. Kf6 Ke8 42. e6 Ra2 43. Rd7 Bd4+ 44. Kg5 Re2 45. Rxh7 Rxe6 46. Ra7 Bf6+ 47. Kxg6 Bh4+ 48. Kf5 Rf6+ 49. Kg4 Bxg3 50. Kxg3 Rg6+ 51. Kf3 Kd8 52. Ke4 Rb6 53. Kd5 Rf6 54. Ke4 Rb6 55. Ra5 Ke7 56. f5 Kf8 57. Rxc5 Kg7 58. Rc7+ Kh6 59. f6 Kg6 60. Kd5 Rxf6 61. Rc6 Kf5 62. Rxf6+ Kxf6 63. Kd6 Kf5 64. c5 Ke4 65. c6 Kd4 66. c7 Ke4 67. c8Q 1-0

[Event "Villa Guardia D Oro Cup 32nd"]
[Site "Villa Guardia"]
[Date "2014.11.02"]
[Round "5"]
[White "Tavasci, Alfio"]
[Black "Gonella, Graziano"]
[Result "1-0"]
[WhiteElo "1619"]
[BlackElo "1163"]
[PlyCount "35"]
[EventDate "2014.10.26"]
[EventType "swiss"]
[EventRounds "6"]
[EventCountry "ITA"]
[SourceTitle "EXT 2016"]
[Source "ChessBase"]
[SourceDate "2015.10.08"]
[SourceVersion "1"]
[SourceVersionDate "2015.10.08"]
[SourceQuality "1"]

1. d4 e5 2. d5 d6 3. c4 Nf6 4. Bg5 Nbd7 5. Nc3 a6 6. e4 Be7 7. Bd3 Nc5 8. Bc2 0-0 9. b4 Ncd7 10. Nge2 b6 11. 0-0 Bb7 12. Ng3 g6 13. Bh6 Re8 14. h4 Nh5 15. Nxh5 Bxh4 16. Qg4 Kh8 17. g3 gxh5 18. Qg7# 1-0

[Event "Milan SSM op-B 08"]
[Site "Milan"]
[Date "2014.08.01"]
[Round "4"]
[White "Gonella, Graziano"]
[Black "Mingolla, Patrizio"]
[Result "0-1"]
[WhiteElo "1156"]
[BlackElo "1615"]
[PlyCount "46"]
[EventDate "2014.07.29"]
[EventType "swiss"]
[EventRounds "7"]
[EventCountry "ITA"]
[SourceTitle "EXT 2022"]
[Source "ChessBase"]
[SourceDate "2021.10.06"]
[SourceVersion "1"]
[SourceVersionDate "2021.10.06"]
[SourceQuality "1"]

1. e4 e5 2. Ne2 Nf6 3. f4 Nxe4 4. d3 Nf6 5. fxe5 Ng8 6. Bf4 d5 7. d4 Be6 8. Nbc3 Bb4 9. Qd2 h6 10. 0-0-0 Ne7 11. Be3 Nf5 12. Bf2 a6 13. h3 Be7 14. g4 Nh4 15. Qd3 Nc6 16. Nf4 0-0 17. Rg1 Nb4 18. Qe3 Bg5 19. Bxh4 Bxh4 20. Nxe6 fxe6 21. Kb1 Bf2 22. Qe2 Bxg1 23. Qg2 Be3 0-1

[Event "Como Primavera op 9th"]
[Site "Como"]
[Date "2014.04.17"]
[Round "7"]
[White "Rossi, Silio"]
[Black "Gonella, Graziano"]
[Result "1-0"]
[WhiteElo "1505"]
[BlackElo "1163"]
[PlyCount "99"]
[EventDate "2014.03.06"]
[EventType "swiss"]
[EventRounds "7"]
[EventCountry "ITA"]
[SourceTitle "EXT 2015"]
[Source "ChessBase"]
[SourceDate "2014.11.20"]
[SourceVersion "1"]
[SourceVersionDate "2014.11.20"]
[SourceQuality "1"]

1. b4 Nf6 2. e3 d5 3. Nf3 e6 4. b5 a6 5. bxa6 bxa6 6. Nd4 c5 7. Nf3 Bd6 8. c3 0-0 9. Be2 Bb7 10. d4 cxd4 11. exd4 Qc7 12. 0-0 Ng4 13. g3 Nf6 14. Bb2 Nbd7 15. Ng5 e5 16. Nf3 e4 17. Nh4 g6 18. Ng2 Rfe8 19. Qd2 Rad8 20. Ba3 Bxa3 21. Nxa3 Qd6 22. Nc2 a5 23. Rfb1 Ba6 24. a4 Bxe2 25. Qxe2 Rc8 26. Rb3 Qc6 27. Nge3 Nb6 28. Qb5 Qxb5 29. axb5 Nc4 30. Nxc4 dxc4 31. Rba3 Nd5 32. Ne3 Nxe3 33. fxe3 Rb8 34. Rxa5 f5 35. Rb1 Re7 36. b6 Reb7 37. Rab5 Ra8 38. Rc5 Ra6 39. Rc8+ Kg7 40. Rc7+ Rxc7 41. bxc7 Rc6 42. Rb7 Kh6 43. Kg2 Kg5 44. h3 h5 45. Kf2 h4 46. gxh4+ Kxh4 47. Kg2 g5 48. c8Q Rh6 49. Qxf5 Kh5 50. Rg7 1-0

[Event "Como Primavera op 9th"]
[Site "Como"]
[Date "2014.03.27"]
[Round "4"]
[White "Gonella, Graziano"]
[Black "Zerboni, Giuseppe"]
[Result "0-1"]
[WhiteElo "1163"]
[BlackElo "1596"]
[PlyCount "96"]
[EventDate "2014.03.06"]
[EventType "swiss"]
[EventRounds "7"]
[EventCountry "ITA"]
[SourceTitle "EXT 2015"]
[Source "ChessBase"]
[SourceDate "2014.11.20"]
[SourceVersion "1"]
[SourceVersionDate "2014.11.20"]
[SourceQuality "1"]

1. e4 c5 2. Nf3 d6 3. d4 cxd4 4. Nxd4 Nf6 5. Nc3 a6 6. Bc4 e6 7. 0-0 Be7 8. f4 Bd7 9. e5 dxe5 10. fxe5 Ng8 11. Qf3 f6 12. Bxe6 Qb6 13. Bxd7+ Nxd7 14. exf6 Qxd4+ 15. Be3 Ne5 16. Bxd4 Nxf3+ 17. Rxf3 Nxf6 18. Re1 Kf7 19. h3 Rad8 20. Bb6 Rd2 21. Ne4 Rxc2 22. Nxf6 gxf6 23. Bd4 Rd8 24. Bc3 Bc5+ 25. Kf1 Rd6 26. b4 Bb6 27. a4 Bd8 28. b5 Ra2 29. Bb4 Rd4 30. Bc3 Rdxa4 31. Rxf6+ Bxf6 32. Bxf6 Kxf6 33. bxa6 bxa6 34. Re3 Rf4+ 35. Kg1 a5 36. Kh2 a4 37. Rc3 a3 38. Kg3 Rd4 39. Rf3+ Ke6 40. h4 Ra4 41. Re3+ Kf5 42. Kh3 Rf2 43. g4+ Kf4 44. Rg3 a2 45. g5 Rf3 46. Rxf3+ Kxf3 47. h5 a1Q 48. g6 Qh1# 0-1

[Event "Robecchetto op-C 24th"]
[Site "Robecchetto"]
[Date "2013.12.29"]
[Round "5"]
[White "Pivari, Flavio"]
[Black "Gonella, Graziano"]
[Result "1-0"]
[WhiteElo "1464"]
[BlackElo "1155"]
[PlyCount "91"]
[EventDate "2013.12.27"]
[EventType "swiss"]
[EventRounds "6"]
[EventCountry "ITA"]
[SourceTitle "EXT 2023"]
[Source "ChessBase"]
[SourceDate "2022.10.05"]
[SourceVersion "1"]
[SourceVersionDate "2022.10.05"]
[SourceQuality "1"]

1. e4 e5 2. Nf3 Nc6 3. Bb5 Nd4 4. Nxd4 exd4 5. c3 Qg5 6. Bf1 Bc5 7. d3 Qf6 8. b4 Bd6 9. c4 Bxb4+ 10. Bd2 Bc5 11. a3 b6 12. Be2 Bb7 13. 0-0 0-0-0 14. Bb4 d6 15. Bxc5 dxc5 16. Nd2 Ne7 17. a4 Rd6 18. Nf3 h6 19. e5 Qg6 20. exd6 cxd6 21. a5 Bxf3 22. Bxf3 Kc7 23. axb6+ axb6 24. Ra7+ Kd8 25. Qa4 Qe6 26. Bd5 Nxd5 27. cxd5 Qf5 28. Ra8+ Ke7 29. Rxh8 Qxd5 30. Qe8+ Kf6 31. Qd8+ Kg6 32. Qxb6 h5 33. Rd8 f6 34. Rxd6 Qf5 35. Qa6 h4 36. h3 Kh5 37. Qc4 g6 38. Rd5 Qxd5 39. Qxd5+ f5 40. Qxc5 Kg5 41. Qxd4 Kh5 42. g4+ fxg4 43. Qe5+ g5 44. hxg4+ Kxg4 45. Kh2 Kh5 46. f4 1-0

[Event "Milan Crespi op-B 34th"]
[Site "Milan"]
[Date "2013.12.04"]
[Round "1"]
[White "Gonella, Graziano"]
[Black "Spada, Maurizio"]
[Result "0-1"]
[WhiteElo "1155"]
[BlackElo "1617"]
[PlyCount "38"]
[EventDate "2013.12.04"]
[EventType "swiss"]
[EventRounds "7"]
[EventCountry "ITA"]
[SourceTitle "EXT 2015"]
[Source "ChessBase"]
[SourceDate "2014.11.20"]
[SourceVersion "1"]
[SourceVersionDate "2014.11.20"]
[SourceQuality "1"]

1. e4 e5 2. Nf3 Nf6 3. Nc3 Nc6 4. d4 exd4 5. Nxd4 Nxd4 6. Qxd4 d6 7. Bc4 h6 8. f3 Be7 9. Be3 0-0 10. 0-0-0 Be6 11. Nd5 Nxd5 12. exd5 Bf6 13. Qd3 Bd7 14. Kb1 b5 15. Bxb5 Bxb5 16. Qxb5 Rb8 17. Qc4 Bxb2 18. a4 Bd4+ 19. Ka2 Bxe3 0-1

[Event "Crema op 15th"]
[Site "Crema"]
[Date "2013.09.01"]
[Round "5"]
[White "Molinelli, Luigi"]
[Black "Gonella, Graziano"]
[Result "1-0"]
[WhiteElo "1236"]
[BlackElo "1183"]
[PlyCount "47"]
[EventDate "2013.08.30"]
[EventType "swiss"]
[EventRounds "6"]
[EventCountry "ITA"]
[SourceTitle "EXT 2015"]
[Source "ChessBase"]
[SourceDate "2014.11.20"]
[SourceVersion "1"]
[SourceVersionDate "2014.11.20"]
[SourceQuality "1"]

1. d4 Nf6 2. Nf3 d5 3. e3 Nbd7 4. Bd3 c5 5. c3 c4 6. Bc2 g6 7. Nbd2 Bg7 8. 0-0 0-0 9. e4 dxe4 10. Nxe4 Nxe4 11. Bxe4 Nf6 12. Bc2 Nd5 13. Re1 e6 14. a4 b6 15. Bd2 Bb7 16. Qe2 Rc8 17. Ne5 Ba6 18. Ng4 Re8 19. Nh6+ Kf8 20. Qf3 Qf6 21. Qg3 Qd8 22. Bf4 Nxf4 23. Qxf4 g5 24. Qxf7# 1-0

[Event "Como Province-ch"]
[Site "Villa Guardia"]
[Date "2013.01.27"]
[Round "6"]
[White "Gonella, Graziano"]
[Black "Lotti, Riccardo"]
[Result "0-1"]
[WhiteElo "1181"]
[BlackElo "1353"]
[PlyCount "107"]
[EventDate "2013.01.19"]
[EventType "swiss"]
[EventRounds "6"]
[EventCountry "ITA"]
[SourceTitle "EXT 2014"]
[Source "ChessBase"]
[SourceDate "2013.11.20"]
[SourceVersion "1"]
[SourceVersionDate "2013.11.20"]
[SourceQuality "1"]

1. e4 d6 2. Nf3 Bg4 3. Be2 Bxf3 4. Bxf3 Nf6 5. e5 Nfd7 6. Bxb7 c6 7. Bxa8 Nxe5 8. d4 Ng6 9. Be3 d5 10. Nc3 e6 11. Na4 Qa5+ 12. c3 Bd6 13. 0-0 0-0 14. Bd2 Qc7 15. g3 Nd7 16. Bxc6 Qxc6 17. b4 e5 18. Rb1 exd4 19. b5 Qc7 20. cxd4 Nb6 21. Rc1 Qd7 22. Nxb6 axb6 23. Rc6 Ne7 24. Rxb6 Bc7 25. Rb7 Nc8 26. Bf4 Nd6 27. Qb3 Nxb7 28. Bxc7 Qxc7 29. Qxd5 Rd8 30. Qc6 Qd7 31. Qxd7 Rxd7 32. Re1 g6 33. Re4 Nd6 34. Re5 f6 35. Rd5 Kf7 36. b6 Ke6 37. Rc5 Nb7 38. Rc6+ Kd5 39. Rc7 Rxc7 40. bxc7 Nd6 41. a4 Kc6 42. a5 Kb5 43. Kf1 Kxa5 44. Ke2 Kb6 45. Kd3 Kxc7 46. d5 Kb6 47. Kd4 Nb5+ 48. Ke3 Nd6 49. f4 Nf5+ 50. Kf3 Kc5 51. h4 Kxd5 52. g4 Nd4+ 53. Ke3 h6 54. Kd3 0-1

[Event "Milan Crespi op-C 33rd"]
[Site "Milan"]
[Date "2012.12.09"]
[Round "6"]
[White "Gonella, Graziano"]
[Black "Rosini, Luca Ungaro"]
[Result "1/2-1/2"]
[WhiteElo "1202"]
[BlackElo "1392"]
[PlyCount "151"]
[EventDate "2012.12.05"]
[EventType "swiss"]
[EventRounds "7"]
[EventCountry "ITA"]
[SourceTitle "EXT 2024"]
[Source "ChessBase"]
[SourceDate "2023.10.10"]
[SourceVersion "1"]
[SourceVersionDate "2023.10.10"]
[SourceQuality "1"]

1. e4 d5 2. exd5 Qxd5 3. Nc3 Qa5 4. d4 c6 5. Bd2 Qc7 6. Nf3 Nf6 7. Bc4 Bg4 8. Qe2 e6 9. 0-0-0 Nbd7 10. Kb1 0-0-0 11. Be3 Bb4 12. Bd2 Nb6 13. Be3 Bxf3 14. gxf3 Bxc3 15. bxc3 Nxc4 16. Qxc4 Rhe8 17. Qd3 Rd5 18. Bc1 Qb6+ 19. Ka1 Red8 20. Bb2 a5 21. Rb1 Qa7 22. Rhd1 b5 23. c4 bxc4 24. Qxc4 Kc7 25. c3 Rb5 26. a4 Rb7 27. Ba3 Rdb8 28. Rxb7+ Qxb7 29. Qa2 Qb3 30. Rc1 Qd5 31. Qe2 Nd7 32. Rb1 Rxb1+ 33. Kxb1 Qb3+ 34. Qb2 Qxa4 35. Qa2 Qd1+ 36. Bc1 Qd3+ 37. Ka1 Qxc3+ 38. Bb2 Qb4 39. Bc3 Qb5 40. Bxa5+ Nb6 41. Qd2 Kd7 42. Bc3 Qa4+ 43. Kb1 Qb3+ 44. Qb2 Qxb2+ 45. Bxb2 g6 46. Kc2 Kd6 47. Kd3 f5 48. Ba3+ Kd5 49. Bc5 Nd7 50. Ba3 c5 51. dxc5 Nxc5+ 52. Ke2 e5 53. Bc1 Nb3 54. Bh6 f4 55. Kf1 Nd4 56. Kg2 Nf5 57. Bf8 e4 58. fxe4+ Kxe4 59. Ba3 g5 60. Bc1 h5 61. f3+ Ke5 62. Bb2+ Ke6 63. Ba1 Kf7 64. Bb2 Kg6 65. Be5 Nh4+ 66. Kf2 Kf5 67. Ba1 g4 68. fxg4+ hxg4 69. Bd4 Nf3 70. Ba7 Nxh2 71. Kg2 g3 72. Bb6 Kg4 73. Kg1 Kh3 74. Bf2 gxf2+ 75. Kxf2 Nf1 76. Kf3 1/2-1/2

[Event "Milan Crespi op-C 33rd"]
[Site "Milan"]
[Date "2012.12.06"]
[Round "2"]
[White "Gonella, Graziano"]
[Black "Cerutti, Fabio Maria"]
[Result "0-1"]
[WhiteElo "1202"]
[BlackElo "1686"]
[PlyCount "72"]
[EventDate "2012.12.05"]
[EventType "swiss"]
[EventRounds "7"]
[EventCountry "ITA"]
[SourceTitle "EXT 2024"]
[Source "ChessBase"]
[SourceDate "2023.10.10"]
[SourceVersion "1"]
[SourceVersionDate "2023.10.10"]
[SourceQuality "1"]

1. e4 c5 2. Nf3 d6 3. d4 cxd4 4. Nxd4 Nf6 5. Nc3 g6 6. Bc4 Bg7 7. Be3 0-0 8. Qd2 Ng4 9. Bg5 Nc6 10. Nf3 Qb6 11. Na4 Qb4 12. Bb3 Qxe4+ 13. Be3 Nxe3 14. fxe3 Bh6 15. Kf2 Be6 16. Nc3 Qf5 17. Rae1 Ne5 18. h3 Nc4 19. Bxc4 Bxc4 20. b3 Ba6 21. Nd5 Rfe8 22. Nc7 Rec8 23. Nxa8 Rxc2 24. Rd1 Rxd2+ 25. Rxd2 Qc8 26. Rc2 Qxc2+ 27. Kg3 Bxe3 28. Re1 Qf2+ 29. Kh2 Be2 30. Rxe2 Qxe2 31. Ng1 Bf4+ 32. Kh1 Qe1 33. Nc7 Be3 34. Kh2 Bxg1+ 35. Kh1 Bf2+ 36. Kh2 Bg3# 0-1

[Event "Villa Guardia D Oro Cup 30th"]
[Site "Villa Guardia"]
[Date "2012.11.03"]
[Round "4"]
[White "Puppi, Simone"]
[Black "Gonella, Graziano"]
[Result "1-0"]
[WhiteElo "1551"]
[BlackElo "1199"]
[PlyCount "67"]
[EventDate "2012.11.01"]
[EventType "swiss"]
[EventRounds "6"]
[EventCountry "ITA"]
[SourceTitle "EXT 2014"]
[Source "ChessBase"]
[SourceDate "2013.11.20"]
[SourceVersion "1"]
[SourceVersionDate "2013.11.20"]
[SourceQuality "1"]

1. e4 e5 2. Nf3 d6 3. d4 exd4 4. Nxd4 Nf6 5. Nc3 g6 6. Bg5 Bg7 7. h3 0-0 8. Qf3 c6 9. 0-0-0 Nbd7 10. Nb3 Ne5 11. Qe2 Qc7 12. f4 Ned7 13. Qd3 Ne8 14. Be7 Nc5 15. Nxc5 Qxe7 16. Nb3 b6 17. h4 Qe6 18. Be2 Bh6 19. g3 Bb7 20. Kb1 Rd8 21. h5 g5 22. Nd4 Qc8 23. Nf5 Qe6 24. Nxh6+ Qxh6 25. fxg5 Qxg5 26. Rhf1 Nf6 27. Rf5 Qh6 28. g4 Bc8 29. g5 Bxf5 30. gxh6 Bxe4 31. Nxe4 Nxe4 32. Qxe4 Rfe8 33. Qg4+ Kh8 34. Qg7# 1-0

[Event "Crema op 14th"]
[Site "Crema"]
[Date "2012.08.31"]
[Round "1"]
[White "Peschechera, Francesco"]
[Black "Gonella, Graziano"]
[Result "1-0"]
[WhiteElo "1837"]
[BlackElo "1211"]
[PlyCount "34"]
[EventDate "2012.08.31"]
[EventType "swiss"]
[EventRounds "6"]
[EventCountry "ITA"]
[SourceTitle "EXT 2014"]
[Source "ChessBase"]
[SourceDate "2013.11.20"]
[SourceVersion "1"]
[SourceVersionDate "2013.11.20"]
[SourceQuality "1"]

1. d4 Nf6 2. c4 g6 3. Nc3 Bg7 4. e4 0-0 5. e5 Ne8 6. f4 c6 7. Nf3 f5 8. Be3 d6 9. Bd3 d5 10. Qb3 e6 11. cxd5 exd5 12. 0-0-0 Be6 13. Qxb7 Qc7 14. Qxa8 Qb6 15. Na4 Nc7 16. Nxb6 Nxa8 17. Nxa8 Nd7 1-0

[Event "Milan SSM July"]
[Site "Milan"]
[Date "2012.06.30"]
[Round "3"]
[White "Carbone, Lorenzo"]
[Black "Gonella, Graziano"]
[Result "1-0"]
[WhiteElo "1701"]
[BlackElo "1222"]
[PlyCount "33"]
[EventDate "2012.06.28"]
[EventType "swiss"]
[EventRounds "5"]
[EventCountry "ITA"]
[SourceTitle "EXT 2024"]
[Source "ChessBase"]
[SourceDate "2023.10.10"]
[SourceVersion "1"]
[SourceVersionDate "2023.10.10"]
[SourceQuality "1"]

1. e4 g6 2. d4 Bg7 3. c3 d6 4. Nf3 Bg4 5. Bd3 c5 6. 0-0 Nc6 7. Be3 Qc7 8. Na3 a6 9. Nc2 e6 10. dxc5 d5 11. exd5 exd5 12. Ncd4 Nf6 13. Nxc6 bxc6 14. Qd2 h6 15. Rfe1 0-0-0 16. Bxa6+ Kb8 17. Bf4 1-0

[Event "Ceriano Laghetto op-C 21st"]
[Site "Ceriano Laghetto"]
[Date "2012.03.??"]
[Round "2"]
[White "Ciochetta, Giovanni"]
[Black "Gonella, Graziano"]
[Result "1-0"]
[WhiteElo "1550"]
[BlackElo "1231"]
[PlyCount "57"]
[EventDate "2012.03.24"]
[EventType "swiss"]
[EventRounds "5"]
[EventCountry "ITA"]
[SourceTitle "EXT 2024"]
[Source "ChessBase"]
[SourceDate "2023.10.10"]
[SourceVersion "1"]
[SourceVersionDate "2023.10.10"]
[SourceQuality "1"]

1. e4 g6 2. d4 d6 3. Be3 Nf6 4. Nc3 Bg7 5. Qd2 0-0 6. 0-0-0 Nbd7 7. h3 e5 8. dxe5 Nxe5 9. b3 Qe7 10. f4 Ned7 11. Bd3 a6 12. Nf3 Rd8 13. Rhe1 Nc5 14. Bxc5 dxc5 15. Qf2 Qf8 16. e5 Nd5 17. Nxd5 Rxd5 18. c4 Rd8 19. g4 Re8 20. Qg2 Rb8 21. h4 b6 22. f5 Bb7 23. f6 Bxf3 24. Qxf3 Bh8 25. Qf4 b5 26. Rg1 c6 27. h5 Red8 28. hxg6 Rd4 29. gxh7# 1-0